| 000 | 00684nam a2200193Ia 4500 | ||
|---|---|---|---|
| 003 | GCL | ||
| 008 | 140319s9999 xx 000 0 ara d | ||
| 040 |
_aGCL / _cGCL |
||
| 082 | 0 | 4 |
_a811.009 _bع ش |
| 100 | 1 | _aعلى بن اسماعيل بن سيده | |
| 245 | 1 | 0 |
_aشرح المشكل من شعر المتنبى / _cعلى بن اسماعيل بن سيده |
| 300 | _a337 ص | ||
| 490 |
_aالهيئة العامة للاستعلامات _v0 |
||
| 650 | 0 | 4 | _aالشعر العربى |
| 650 | 0 | 4 | _aالادب العربى |
| 650 | 0 | 4 | _aالشعر العربى - تاريخ ونقد |
| 650 | 0 | 4 | _aالشعر العربى - العصر العباسى الاول |
| 942 |
_2ddc _cBK |
||
| 999 |
_c50417 _d50417 |
||